A to Z: Musical Terms #3 - Statistics

General Stats
  • This quiz has been taken 2,786 times
    2,785 since last reset
  • The average score is 19 of 26
Answer Stats
Hint Answer % Correct
F Between mi and sol Fa
95%
O Church instrument with pipes Organ
94%
M His middle name is Amadeus Mozart
89%
P Tool used to pluck or strum a guitar Plectrum
89%
E Reflection of sound Echo
88%
H Jimi, of Purple Haze fame Hendrix
87%
X Common percussion instrument Xylophone
87%
A Sang Skyfall's opening song Adele
84%
U Bono is the frontman of this group U2
84%
J Short, catchy, promotional tune Jingle
83%
I Flute, violin, piano, harp etc Instrument
82%
Y Popular American tune, ____ Doodle Yankee
81%
V The loudness of a sound Volume
80%
B B.B. King's musical genre Blues
78%
Q String, or barbershop, eg. Quartet
78%
R Child's wind instrument? Recorder
75%
S Raised in pitch; opposite of flat Sharp
74%
T Three-sided percussion instrument Triangle
74%
C Hi-hat, suspended, or crash, eg. Cymbals
70%
G Home to Elvis Presley Graceland
69%
D Aboriginal wooden instrument Didgeridoo
61%
W Film composer, John, of Jaws fame Williams
61%
N Jones, of Come Away With Me fame Norah
53%
L Funeral song of mourning Lament
39%
K NZ soprano, ____ te Kanawa Kiri
23%
Z Cajun folk genre from Louisiana Zydeco
19%
No matching quizzes found
Score Distribution
Percent of People with Each Score
Percentile by Number Answered
Your Score History
You have not taken this quiz since the last reset